[Event "Dyfed Open"]
[Site "Fishguard"]
[Date "2019.02.23"]
[Round "3.13"]
[White "Haigh, Tony"]
[Black "Jones, Dewi"]
[Result "0-1"]
[WhiteElo "1793"]
[BlackElo "1504"]
[Annotator "kemen"]
[PlyCount "62"]
[EventDate "2019.??.??"]

{[%evp 0,62,18,28,21,8,12,-11,-13,15,30,20,20,17,27,11,68,70,67,97,75,37,22,6,
-1,19,4,0,4,0,17,11,93,58,133,137,182,201,217,233,243,249,244,278,283,285,269,
180,177,137,147,134,144,144,160,110,182,170,158,41,0,-116,-107,-29997,-29998]} 
1. d4 Nf6 2. Bg5 c5 3. Bxf6 exf6 (3... gxf6) 4. Nc3 (4. d5 {main}) (4. dxc5
Bxc5 5. e3 d5 {Haigh-Gibbons, WCPL 2013,1/2-1/2}) (4. e3 Qb6 5. b3 d5 {
Haigh-Gibbons, S Wales Autumn open 2013,1/2-1/2}) 4... cxd4 (4... d5 {main}) (
4... Qa5 5. dxc5 Bxc5 6. e3 O-O {Haigh-Gibbons, WCPL 2010,1/2-1/2}) 5. Qxd4 Nc6
6. Qe4+ Be7 7. e3 Qa5 $146 (7... O-O {main} 8. Bc4) 8. O-O-O $16 f5 9. Qd5 O-O
10. g3 (10. Qxa5 Nxa5 11. Nge2 $16) 10... Bc5 11. Nge2 (11. Kb1) 11... d6 12.
Qb3 Be6 (12... Ne5 $11) 13. Qb5 Qxb5 (13... Qc7) 14. Nxb5 Bxa2 $2 (14... Ne5
15. h3 Rfd8 16. Bg2 Rab8 17. Nf4 Kf8 18. Kb1 $14 {Stockfish10}) 15. b3 $18 a6
16. Nbc3 Ba3+ 17. Kd2 Bxb3 (17... Bb4 18. Nc1 Bb1 19. Nd3 $18) 18. cxb3 Bb4 19.
Kc2 (19. Bg2) 19... Rac8 20. Bg2 Bxc3 21. Nxc3 Nb4+ 22. Kb2 Rc7 23. Nd5 (23.
Rxd6) 23... Rc2+ 24. Kb1 (24. Ka3 Rxf2 25. Kxb4 Rxg2 26. Ne7+ Kh8 27. Nxf5 $18
{Stockfish10}) 24... Rxf2 25. Ne7+ Kh8 26. Bxb7 Re8 27. Rc1 (27. Rxd6 $18)
27... Re2 (27... g6 28. Nd5 Rb8 29. Nxb4 Rxb7 30. Rc2 Rf3 31. Nd5 Rxb3+ 32. Kc1
a5 33. Kd1 Rb1+ 34. Ke2 Rxh1 35. Kxf3 Ra1 36. Rc6 a4 37. Ra6 $18 {Stockfish10})
28. Nxf5 $18 (28. Nd5 Nd3 29. Rc8 $18 (29. Rc3 Nc5 30. Bc6 Rc8 31. Nf4 Rd2 32.
Bd7 Rb8 33. Bxf5 $18 {Stockfish10})) 28... g6 29. Nxd6 $2 (29. Nd4 R2xe3 30.
Rhd1 $18) 29... R8xe3 $15 30. Rc8+ (30. Nxf7+ Kg8 (30... Kg7 31. Rc7 Rxb3+ 32.
Kc1 Rc3+ 33. Rxc3 Na2+ 34. Kd1 Nxc3+ 35. Kc1 Na2+ {draws}) 31. Rc8+ Kxf7 32.
Rf1+ Kg7 33. Rc7+ Kh6 34. Rf3 Re5 $17 (34... Rxf3 35. Bxf3 Rxh2 $17 {
Stockfish10})) 30... Kg7 $19 31. Rhc1 $2 {filling in the square evacuated last
move, however} (31. Be4 {Stockfish10} Rxb3+ 32. Kc1 Na2+ 33. Kd1 Rxe4 34. Nxe4
Rb1+ 35. Kd2 Rxh1 36. h4 Rh2+ $19 {eventually}) (31. Rf1 Rxb3+ 32. Kc1 Nd3+ 33.
Kd1 Rxh2 34. Rxf7+ Kh6 35. Rfc7 Rb1+ 36. Rc1 Nxc1 37. Rxc1 Rxc1+ 38. Kxc1 a5
$19 {Stockfish10}) 31... Rxb3+ 0-1

[Event "Dyfed Open"]
[Site "Fishguard"]
[Date "2019.02.23"]
[Round "3.14"]
[White "Morgans, Justin"]
[Black "Pinch, David"]
[Result "1-0"]
[WhiteElo "1646"]
[BlackElo "1634"]
[Annotator "kemen"]
[PlyCount "69"]
[EventDate "2019.??.??"]

{[%evp 0,69,5,20,18,25,20,19,29,4,53,23,29,19,21,24,19,8,-3,-2,11,-14,3,-14,-8,
-46,2,-38,-26,-40,33,16,17,3,38,34,50,0,40,36,29,18,76,68,57,92,82,58,59,43,
137,144,185,174,191,227,274,340,359,316,427,331,278,557,762,979,613,1123,1423,
166,29993,29994]} 1. e4 e5 2. Nf3 Nc6 3. Bb5 a6 (3... Nge7 4. O-O g6 5. c3 Bg7
6. d4 exd4 7. cxd4 O-O 8. d5 Ne5 9. d6 {Van Kemenade-Pinch, rd1 Dyfed Open
2019,1/2-1/2}) 4. Ba4 Nge7 5. O-O g6 6. d3 (6. c3 {main}) (6. d4) 6... Bg7 7.
Nc3 (7. c3) (7. Bg5 {more frequent}) 7... O-O 8. Bg5 h6 9. Be3 (9. Bh4) 9... d6
10. h3 (10. Qd2 Kh7 11. d4 Bg4 12. dxe5 dxe5 13. Ne1 Nd4 14. f3 Be6 15. Nd3 b6
16. Bb3 Bxb3 17. axb3 c5 {Racsanyi-Sulitya, W ch girls U20, Buenos Aires 1992,
0-1}) 10... Be6 $11 {Komodo12} (10... f5 11. Bb3+ Kh7 12. exf5 Nxf5 13. Bd2 Bd7
14. Ne4 Ncd4 15. Nxd4 Nxd4 16. Be3 Nxb3 17. axb3 d5 18. Nc5 Bc8 {Kubik-Stany,
Europe op, Golden Sands 2013,0-1}) (10... Nd4 $15 {Komodo 2nd thoughts}) 11.
Ne2 Kh7 (11... f5) 12. c3 b5 13. Bc2 f5 {Komodo12- but players should be wary
of opening up this line with a B aimed longrange at the K.} 14. d4 (14. Bb3 {
Komodo12}) 14... exd4 (14... fxe4 15. Bxe4 d5 16. Bc2 e4 17. Nd2 Nf5 $11 {
Komodo12-initially slight Bl advantage}) 15. Nfxd4 (15. Nexd4 $14) 15... Bd7 (
15... Nxd4 16. Bxd4 f4 17. Bxg7 Kxg7 18. Nd4 Bd7 19. Bb3 c5 20. Ne6+ Bxe6 21.
Bxe6 f3 $11 {Komodo12}) 16. Nf4 (16. exf5 Nxf5 17. Bxf5 gxf5 18. Nf4 $16 {
Komodo12- Bl has holes on the K side}) 16... Nxd4 17. cxd4 $14 Rc8 18. Qc1 (18.
Re1 $14) (18. h4 $14) 18... fxe4 19. Bxe4 c6 (19... Nf5 20. Qc2 h5 21. Rfe1 c6
22. a4 $14 {Komodo12}) 20. Nh5 Ng8 (20... Nd5 21. Nxg7 Nxe3 22. fxe3 Kxg7 $11 {
Komodo12}) 21. Nxg7 (21. Qc2 Bf5 22. Bxf5 Rxf5 23. Nxg7 Kxg7 24. Rae1 $16 {
Komodo121}) 21... Kxg7 (21... Qe7 22. Bc2 Qxg7 23. Re1 Bf5 24. Bb3 Rfe8 25. Qc3
Nf6 $14 {Komodo12}) 22. Qd2 Bf5 23. Bxf5 Rxf5 24. Rac1 $16 {the Bl K position
is a little draughty} (24. Rfe1) 24... g5 $6 {and this certainly helps Wh} (
24... Qd7 25. Rfe1 Kh7 26. f3 $14 {it would be good for Bl to put his N on d5,
but the K position won't allow it}) 25. f4 $18 Rd5 (25... gxf4 26. Bxf4 Qd7 27.
Qc3 Rf6 28. d5 {and Bl is in trouble}) 26. fxg5 hxg5 27. Rf3 Nh6 28. Rcf1 Rc7
29. h4 Nf7 30. Rg3 (30. hxg5) 30... c5 31. hxg5 Re7 (31... Nh8 32. g6 Nxg6 33.
Bh6+ Kh7 34. Qc2 Qe8 35. Rh3 $18 {Komodo12}) 32. g6 Ne5 33. Bh6+ Kg8 34. g7 (
34. Qf2 {threatens mate} Rg7 35. Bxg7 Kxg7 36. dxe5 $18) 34... Nd7 (34... Rf7
35. Qe2 Rxf1+ 36. Qxf1 Nf7 (36... Rxd4 37. Qf8+ Qxf8 38. gxf8=Q+ Kh7 39. Qg7#)
37. Qxf7+ Kxf7 38. Rf3+ Kg6 39. Rf8 Kxh6 40. g8=Q Qe7 41. Re8 Qxe8 (41... Qd7
42. Re6+) 42. Qxe8 $18) 35. Rf8+ 1-0

[Event "Dyfed Open"]
[Site "Fishguard"]
[Date "2019.02.23"]
[Round "3.15"]
[White "Orton, Paul"]
[Black "Cooke, Mark"]
[Result "1/2-1/2"]
[WhiteElo "1596"]
[BlackElo "1368"]
[Annotator "kemen"]
[PlyCount "78"]
[EventDate "2019.??.??"]

{[%evp 0,78,80,16,13,15,78,69,82,64,109,50,184,135,160,151,136,115,237,189,189,
194,346,334,352,348,385,373,357,379,542,556,689,635,616,562,557,568,614,615,
646,660,697,727,795,789,851,715,712,788,775,745,960,768,771,757,956,800,817,
850,1207,1436,1435,925,1011,168,224,220,220,261,465,688,707,296,296,32,41,35,
21,-13,-12]} 1. e4 e5 2. Nf3 d5 3. exd5 e4 4. Qe2 Nf6 5. d3 (5. Nc3 {main})
5... Bb4+ (5... Qxd5 {main}) 6. c3 O-O 7. dxe4 (7. cxb4 exf3 {0.5-3.5}) 7...
Bd6 (7... Bc5 {main}) (7... Be7) 8. Bg5 {main & Cloud Engines} (8. Nbd2 Re8 9.
h3 Bf5 10. e5 Nbd7 11. g4 Nxe5 12. Kd1 Bd3 13. Qe3 Bxf1 14. Rxf1 Nxd5 15. Qg5
Nxf3 16. Nxf3 Qxg5 17. Bxg5 f6 18. Bd2 Rad8 19. Kc2 $15 {Hollinger-Dowd, Dos
Hermanas qual blitz 2009,1/2-1/2}) 8... h6 9. Bxf6 Qxf6 10. e5 Qf4 (10... Bxe5
11. Qxe5 Qxe5+ 12. Nxe5 Re8 13. Kd2 (13. f4 f6 14. Bc4 fxe5 15. O-O $18 {
Stockfish10}) 13... Rxe5 14. c4 Bf5 15. Nc3 $16 {Sarmiento Robles-Gomez, Mar
del Plata Schools 2013,1/2-1/2}) (10... Qd8 11. Qe3 Re8 12. Bb5 Nd7 13. Bxd7
Bxd7 14. O-O Bg4 15. Qf4 Bxf3 16. exd6 Bxd5 17. dxc7 Qg5 18. Qxg5 hxg5 19. Na3
Bc6 20. Rfe1 $16 {Stockfish10}) 11. exd6 $18 Qc1+ 12. Qd1 Re8+ (12... Qxb2 {
best, Fritz16 & Stockfish10}) 13. Be2 Qxb2 14. Nbd2 (14. dxc7) 14... Rxe2+ $5
15. Kxe2 b6 16. dxc7 (16. Qb3 {both Engines, forces Q exchange}) 16... Ba6+ 17.
Ke1 (17. c4 {both Engines}) 17... Nd7 18. c4 Qc3 19. Kf1 Re8 20. Rc1 (20. Kg1)
(20. g3) 20... Qd3+ 21. Kg1 g5 22. h3 (22. Nf1) (22. Qb3) 22... Nc5 23. Kh2 (
23. Nb3 {both Engines}) 23... Qf5 24. Re1 Rc8 25. Rc3 (25. Nf1 {Stockfish10})
25... Nd3 26. Re2 (26. Qb1 $18 {both Engines}) 26... Nf4 27. Re5 Qd7 28. Rce3 (
28. Ne4 Qxc7 29. d6 {both Engines}) 28... Qxc7 29. Re8+ {Stockfish10} (29. g3 {
Fritz16}) 29... Kh7 30. R3e7 Qd6 31. Qc2+ (31. Rxf7+ {both Engines,
Stockfish10 has seen the mate} Kg6 32. Ne4 Qb8 33. Qd4 Kxf7 34. Re7+ Kxe7 35.
Qg7+ Kd8 36. Qf8+ Kd7 37. Nf6+ Kc7 38. Qe7#) 31... Ng6+ 32. Re5 (32. Ne5 {
both Engines} Rxe8 33. Rxe8 Kg7 34. Re6 $1 {Stockfish10}) 32... Rxe8 33. Ne4
Qb8 34. Nf6+ Kg7 35. Nxe8+ Kf8 36. Qe4 (36. d6 $1 $18 {both Engines} Nxe5 37.
Qh7 $1 (37. Nxe5 Qxe8 38. Qc3 Qe6 39. d7 Qd6 40. g3 Bb7 41. Ng6+ fxg6 42. Qh8+
Ke7 43. Qe8+ Kf6 44. d8=Q+ $18 {Stockfish10})) (36. Qf5 Nxe5 37. Nxe5 Qxe8 38.
Qf6 Kg8 39. Ng4 Bc8 40. Nxh6+ Kh7 41. Nxf7 $18 {Stockfish10}) 36... Nxe5 37.
Qxe5 (37. Nxe5 Qxe8 38. d6 Bc8 39. Qd4 Qe6 (39... Bd7 40. Nxd7+ $18) 40. d7 $18
) 37... Qxe5+ (37... Qxe8 38. Qh8+ Ke7 39. d6+ Kd8 40. Qf6+ Kc8 41. Ne5 $18)
38. Nxe5 Kxe8 39. Kg3 (39. d6 Bc8 (39... f6 40. d7+ Kd8 41. Nc6+ Kxd7 42. Nb8+
Kd6 43. Nxa6 $18) 40. Kg3 $14) 39... f6 $15 1/2-1/2

[Event "Dyfed Open"]
[Site "Fishguard"]
[Date "2019.02.23"]
[Round "3.16"]
[White "Parri, Deio"]
[Black "Andrews, Norman G"]
[Result "1/2-1/2"]
[WhiteElo "1659"]
[BlackElo "1605"]
[Annotator "kemen"]
[PlyCount "36"]
[EventDate "2019.??.??"]

{[%evp 0,105,26,24,30,-11,4,4,25,15,21,21,25,25,32,18,18,22,19,-2,14,-40,30,26,
37,31,46,50,53,55,124,51,68,66,86,78,80,45,56,58,53,49,65,71,75,76,81,54,86,91,
91,74,73,46,46,70,85,29,11,-11,42,38,38,0,13,8,32,37,93,93,171,99,152,176,156,
180,202,98,24,0,0,0,0,0,145,0,0,0,-30,-63,59,-63,26,-14,0,0,0,0,0,0,16,19,3,3,
2,1,0,1]} 1. d4 Nf6 2. c4 b6 3. Nc3 Bb7 4. Nf3 (4. Qc2) 4... e6 5. e3 Bb4 6.
Bd2 (6. Bd3) 6... O-O 7. Bd3 d6 (7... d5) 8. O-O Nbd7 9. Re1 (9. a3) 9... e5
10. e4 exd4 $15 {Komodo12} (10... h6 11. d5 (11. a3 Bxc3 12. Bxc3 Re8 13. d5
Qe7 14. b4 Nf8 15. Nd2 Ng6 16. g3 Bc8 17. a4 {Gura-Slobodeniuk, Zaporozhje
Ermak Cup 2010,1/2-1/2}) 11... Bxc3 12. Bxc3 a5 13. Nd2 Nh7 14. Nf1 Nc5 15. Bc2
Bc8 16. Ng3 g6 17. Qc1 Qh4 18. Bd2 Kg7 19. f4 exf4 20. Bxf4 f6 {
Platonova-Trushelyov, Chigorin mem, St Petersburg 2008,0-1}) 11. Nxd4 Nc5 12.
Bg5 Nxd3 (12... Bxc3 13. bxc3 h6 $15 {Komodo12 leaves the wh B as a
fellowtraveller}) 13. Qxd3 Bxc3 14. bxc3 h6 15. Bxf6 Qxf6 16. f3 Rfe8 17. Nf5
a5 18. Ne3 Rad8 $11 1/2-1/2

[Event "Dyfed Open"]
[Site "Fishguard"]
[Date "2019.02.23"]
[Round "3.17"]
[White "Watkins, Peter"]
[Black "Denham, Colin"]
[Result "1/2-1/2"]
[WhiteElo "1581"]
[BlackElo "1653"]
[Annotator "kemen"]
[PlyCount "85"]
[EventDate "2019.??.??"]

{[%evp 0,85,80,16,41,34,46,24,24,32,14,32,32,17,10,31,32,29,62,39,44,16,28,15,
43,-2,5,-41,-37,-68,-85,-62,-74,-70,-71,-76,-69,-79,-63,-114,-118,-121,-91,-97,
-89,-115,-95,-128,-128,-129,-104,-122,-105,-113,-109,-114,-114,-118,-105,-112,
-104,-104,-94,-104,-102,-116,-98,-97,-96,-116,-43,-136,-130,-174,-139,-141,
-112,-130,-130,-127,-126,-121,-61,-48,-61,-182,-164,-181]} 1. e4 e6 2. d4 d5 3.
Nc3 Bb4 4. e5 Ne7 5. Nf3 (5. a3) (5. Bd2) (5. Qg4) 5... c5 6. a3 Bxc3+ 7. bxc3
c4 (7... Nbc6) (7... Bd7) 8. Be2 (8. a4) 8... Ng6 (8... O-O {main, but Bl
likes to keep his K in the centre for a while, cf Young-Denham, rd1 Dyfed Open
2019,1-0}) (8... Nbc6) 9. O-O Bd7 (9... Nc6 {1 Wh win, 2 draws}) 10. Be3 b5 11.
Qd2 a6 12. Rfe1 Nc6 13. a4 bxa4 14. Rxa4 (14. Reb1) 14... Ncxe5 $15 15. Raa1
Nxf3+ 16. Bxf3 O-O 17. Qd1 Qc7 18. Bd2 (18. Bc1 {gives a far more active
placement on a3, where it also stops the a pawn}) 18... Rfb8 19. Rb1 Rxb1 20.
Qxb1 Rb8 21. Qa2 Qb6 $17 22. Ra1 a5 23. h3 (23. g3 {keeps the N out}) 23... a4
24. Qa3 (24. Bc1) 24... Qc7 (24... Qb2 25. Qxb2 Rxb2 26. Bd1 f6 $19 {Komodo12})
25. Bh5 Qb7 (25... Nf4) 26. Bxg6 hxg6 27. Bf4 Ra8 28. Qb4 Qa7 29. Qa3 Qa6 30.
Rb1 Qc6 31. Kf1 f6 32. Bd6 Ra6 33. Rb8+ Be8 34. Bg3 Rb6 35. Rxb6 Qxb6 36. Bf4 (
36. Ke1 Qb1+ 37. Kd2 g5 (37... Qf1 38. Qe7 Bf7 39. Bd6 Qxf2+ 40. Kc1 a3 41.
Bxa3 Qf4+ 42. Kd1 Qb8 $15) 38. Qd6 Bh5 39. Qb8+ Qxb8 40. Bxb8 Be2 41. g3 Bf1
42. h4 gxh4 43. gxh4 Bh3 44. Kc1 Kh7 45. Kb2 Bf5 46. Bd6 Be4 47. Bf8 Kg6 48.
Kc1 e5 $17 {Komodo12}) 36... Qb1+ (36... g5 37. Bc1 Kh7 $19 {Komodo12}) 37. Qc1
Qa2 38. Bd6 g5 39. Ke2 Bg6 40. Kd2 a3 (40... Be4 41. f3 Bd3 $17 {but there
appears to be no breakthrough}) 41. Bxa3 Bxc2 42. Bb2 (42. Qb2 Qb3 43. Qxb3
cxb3 44. g3 $17 {there may be no win, but Bl can try to see if anything gives
on the K side}) 42... Bg6 (42... Bd3 43. Ke3 Kf7 44. f3 e5 45. Kf2 e4 46. fxe4
dxe4 {and there is definitely an imbalance which Bl may be able to exploit})
43. Qa1 (43. Qa1 Qb3 {Bl could play on for a bit} 44. Qc1 Qb8 45. g3 e5 {
Komodo12 thinks Bl is winning, as there may be open lines coming on the K side
for a K hunt}) 1/2-1/2

[Event "Dyfed Open"]
[Site "Fishguard"]
[Date "2019.02.23"]
[Round "3.18"]
[White "Roberts, Malcolm A"]
[Black "Leah, Howard"]
[Result "1/2-1/2"]
[WhiteElo "1630"]
[BlackElo "1613"]
[Annotator "kemen"]
[PlyCount "66"]
[EventDate "2019.??.??"]

{[%evp 0,66,80,16,53,53,56,47,81,55,76,65,36,19,14,14,23,14,19,6,0,0,10,4,0,
-14,-4,-11,-28,-31,-18,-30,4,-42,-47,-78,-66,-60,-82,-79,-35,-20,-48,-65,-104,
-116,-132,-117,-149,-145,-135,-135,-158,-137,-137,-142,-136,-142,-142,-142,
-121,-142,-76,-133,-120,-120,-73,-103,-47]} 1. e4 c5 2. Nf3 e6 3. Nc3 (3. d4) (
3. c3) 3... a6 4. a4 Qc7 5. h3 (5. g3) 5... Nc6 6. Bc4 (6. g3 Nf6 7. Bg2 Be7 8.
d3 O-O 9. O-O d5 {Bote Kobolo-Cortes Jurado, Parla op 2010,0-1}) 6... Nf6 7. d3
d6 8. Bg5 Be7 9. O-O O-O 10. Re1 b6 11. Qc1 $146 (11. Qd2 {2 Wh wins, 1 draw &
3 Bl wins}) 11... Bb7 12. Qe3 Rad8 $15 13. Ne2 d5 14. exd5 exd5 15. Bb3 d4 (
15... h6 $15) 16. Qd2 (16. Qf4 $11) 16... Na5 17. Ng3 (17. Ba2 $11 Bxf3 18. Qf4
Qxf4 19. Nxf4 Bxg2 20. Rxe7 Bc6 21. Bxf6 gxf6 22. Ra7 (22. Kh2 $11) 22... Bb7
23. Nh5 Kh8 $15) 17... Nxb3 18. cxb3 Bxf3 (18... Nd5 $17) 19. gxf3 (19. Nf5 $11
) 19... Rfe8 20. Nf5 Nd5 21. Nxe7+ Nxe7 22. Re2 f6 $19 23. Bf4 Qd7 24. Rae1 Nd5
25. Kg2 Rxe2 26. Rxe2 Qf5 (26... Qf7 27. Re4 Qg6+ 28. Kh2 Qh5) 27. Bg3 Qg6 28.
Kh2 Qf5 (28... h5 29. Re4 Qf5 30. Qe2 Kf7 31. Kg2 Rh8 32. h4 Rd8 {Bl is
clearly superior here, & Stockfish10 claims a win- but it looks unclear as to
where Bl can break through}) 29. Kg2 Kf8 30. Re4 Qg6 31. Kf1 f5 32. Re5 Qh5 (
32... Qf6 33. f4 {and the Wh B is awful, but where is the clearcut win?}) 33.
Kg2 Qg6 1/2-1/2

[Event "Dyfed Open"]
[Site "Fishguard"]
[Date "2019.02.24"]
[Round "4.1"]
[White "Young, Alan"]
[Black "Zeidler, Sven P."]
[Result "0-1"]
[WhiteElo "2024"]
[BlackElo "2149"]
[Annotator "kemen"]
[PlyCount "70"]
[EventDate "2019.??.??"]

{[%evp 0,13,80,27,47,37,58,50,72,61,68,65,98,62,62,39]} 1. e4 Nc6 2. Nc3 Nf6 3.
d4 d5 4. e5 Nd7 5. Nf3 (5. Nxd5 Ndb8 6. Ne3 Qxd4 7. Qxd4 Nxd4 8. c3 Ne6) 5...
Nb6 6. Be2 (6. h3) 6... Bg4 (6... Bf5) 7. O-O e6 8. Ne1 (8. a4 Na5 (8... a6 9.
Bf4 Be7 10. Bg3 O-O 11. Nb1 f6 12. exf6 Bxf6 13. Nbd2 Bf5 14. c3 Nd7 15. Nb3 e5
{/^anilenko-Kigel, UKR ch U16, Lugansk 2010,1/2-1/2}) 9. Ne1 Bxe2 10. Nxe2 c5
11. Nd3 cxd4 12. Nxd4 Nc6 13. c3 Nd7 {Mezouaghi-Van der Laan, Naujac op 2002,
0-1}) 8... Bxe2 9. Nxe2 h5 (9... f6 10. Nf4 Qd7 11. exf6 gxf6 12. Ned3 O-O-O
13. Re1 Re8 14. Nh5 Qf7 15. c3 Bd6 16. Qf3 Nd7 17. Bd2 Rhg8 {Kaiser-Gross,
Boeblingen op, 1998,0-1}) 10. c3 Ne7 11. Nc2 (11. Bg5 $16 {[%eval 0,0]
Komodo12- gets rid of a potential bad}) 11... c5 12. dxc5 $16 (12. Bg5 $16)
12... Nd7 13. Ncd4 (13. Bg5 $16) 13... Nxe5 14. f4 (14. Bg5 $16) 14... Ng4 15.
b4 $16 g6 16. f5 (16. h3 Nf6 17. f5 (17. Qa4+ Nd7 $14) 17... Nxf5 18. Nxf5 gxf5
19. Bf4 Ne4 $15 {Komodo12}) 16... Nxf5 17. Nxf5 gxf5 18. Qe1 (18. Bf4 Bg7 19.
h3 Ne5 20. Nd4 Nc4 21. Qe2 Qf6 $15 {Komodo12}) 18... b6 (18... a5 $15 {Komodo12
}) 19. Nd4 $11 Be7 20. Nxe6 $1 fxe6 21. Qxe6 Qd7 22. Qg6+ Kd8 23. Rxf5 $16 {
Komodo12 & Stockfish10} Kc7 24. Bf4+ Kb7 25. Rd1 (25. Rf7 $18 Rae8 26. Qd6 Bxd6
27. Rxd7+ Kc8 28. Rxd6 $18 {Komodo12}) 25... Rag8 26. c6+ (26. Qf7 Re8 27.
Rdxd5 Qc6 28. h3 (28. Rd6 Qe4 29. Rd7+ Ka8 30. Bc1 bxc5 $15 {Komodo12}) 28...
Rhf8 29. Qg7 Rg8 30. Qf7 Rgf8 $11 {Komodo12}) 26... Qxc6 27. Qf7 Re8 28. Rfxd5
(28. Qxd5 Qxd5 29. Rfxd5 Bf6 $17 {Komodo12}) 28... Rhf8 $19 29. Rd7+ (29. b5
Rxf7 30. bxc6+ Kxc6 31. h3 Bc5+ $19 {Komodo12}) 29... Ka8 30. Qxh5 (30. Qxe7
Rxe7 31. Rxe7 Qf6 32. Re4 Qxc3 $19 {Komodo12}) 30... Nf6 (30... Qxd7 $1 $19 {
Komodo12} 31. Rxd7 Bc5+ 32. Kf1 Rxf4#) 31. Rc7 (31. Qh6 Rh8 32. Qg6 Rhg8 33.
Rc7 Qxc7 34. Qxe8+ Nxe8 35. Bxc7 Nxc7 36. Rd7 Bd8 $19 {Komodo12}) 31... Nxh5
32. Rxc6 Nxf4 33. Rc7 Kb8 (33... Bd6) 34. Rc4 Ne2+ 35. Kh1 Bf6 (35... Rf2) 0-1

[Event "Dyfed Open"]
[Site "Fishguard"]
[Date "2019.02.24"]
[Round "4.2"]
[White "Richmond, Jane"]
[Black "Williams, A. Howard"]
[Result "1/2-1/2"]
[WhiteElo "2066"]
[BlackElo "2268"]
[Annotator "kemen"]
[PlyCount "71"]
[EventDate "2019.??.??"]

{[%evp 0,17,20,36,48,42,48,33,27,38,39,22,27,27,27,33,50,31,13,-22]} 1. e4 c5
2. Nc3 Nc6 3. Bb5 Nd4 4. Nf3 e6 (4... Nxb5 5. Nxb5 d6 {main}) 5. a4 Ne7 6. O-O
(6. Nxd4 cxd4 7. Ne2 a6 8. Bc4 {main}) 6... a6 7. Bc4 Nec6 8. d3 Be7 9. Ne1 (9.
Nxd4 {main} cxd4 (9... Nxd4)) 9... O-O (9... Rb8) 10. f4 (10. Ne2 d5 11. Ba2
Nb4 12. Bb1 Nxe2+ 13. Qxe2 e5 14. c3 Nc6 15. Ba2 Be6 16. Nc2 {
Beudaert-Montheard, Evry op 2005,1-0}) 10... Rb8 11. Ba2 (11. Nf3 b5 12. axb5
axb5 13. Bb3 d5 14. exd5 Nxb3 15. cxb3 exd5 16. Ne5 Nxe5 17. fxe5 Be6 18. Qf3 {
Richmond-Williams, Dyfed Open 2016,1/2-1/2}) 11... b5 12. axb5 axb5 13. Ne2 Ra8
(13... Nxe2+ 14. Qxe2 Ra8 15. Bd2 d5 $15 {Komodo12}) 14. Nxd4 cxd4 (14... Nxd4
15. Be3 d5 (15... Nc6 16. c3 d5 17. Nf3 $11) 16. Bxd4 cxd4 17. exd5 exd5 18.
Bb3 $11 {Komodo12}) 15. Bd2 $11 Bb7 16. Nf3 (16. Qh5 Ra7 $15) 16... f5 17. Qe1
fxe4 18. Qxe4 Qb6 19. Bb3 (19. Qe2 $11) (19. Bxe6+ $1 {Komodo12} dxe6 20. Qxe6+
Kh8 21. Rxa8 Rxa8 22. Ne5 Rf8 (22... h6 23. Ng6+ $18) (22... g6 23. Nf7+ (23.
f5 $18) 23... Kg8 24. f5 gxf5 25. Rxf5 $18 (25. Bg5 $18)) 23. Nf7+ Rxf7 24.
Qxf7 Qd8 25. Re1 $16 {Komodo12}) 19... Nb4 (19... Na5 20. Bxa5 Rxa5 21. Qe2
Rxa1 22. Rxa1 Rxf4 $17 {Komodo12}) 20. Qe5 (20. Qe2 $11) 20... Bf6 (20... Rxa1
21. Rxa1 Bxf3 22. gxf3 Nc6 $17 {Komodo12}) 21. Rxa8 (21. Qh5) 21... Bxa8 (21...
Bxe5 22. Rxf8+ Kxf8 23. Nxe5 Qd6 24. Nxd7+ Qxd7 25. Bxb4+ Kf7 26. f5 Bd5 27.
fxe6+ Kxe6 28. Re1+ Kf6 $15 {Komodo12}) 22. Qh5 Nd5 (22... g6 23. Qh6 Bg7 24.
Qh3 Nd5 25. Ne5 $11 {Komodo12}) 23. f5 Ne3 24. fxe6 dxe6 25. Ng5 Bxg5 26. Rxf8+
Kxf8 27. Qxg5 b4 (27... Bd5 $14) 28. Qe5 (28. Qf4+ $1 Kg8 29. Qe5 Kf7 (29...
Nd5 30. Be1 $18) (29... Bd5 30. Bxe3 dxe3 (30... Bxb3 31. Bxd4 Qb7 32. cxb3 $18
) 31. Bxd5 e2+ 32. Kh1 $18) 30. Qh5+ Kf8 31. Qxh7 $16 {Komodo12}) 28... Bd5 29.
Bxd5 exd5 (29... Nxd5) 30. Bxe3 dxe3 31. d4 $14 b3 32. c3 (32. Qf4+ $1 {
the second time, to be able to threaten a mate on e8} Kg8 33. Qxe3 h6 34. cxb3
$18 {Komodo12}) 32... Qg6 $11 33. Qb8+ Ke7 34. Qe5+ Kf8 35. Qb8+ Ke7 36. Qe5+ (
36. Qe5+ Qe6 37. Qxe6+ (37. Qxg7+ Kd6 38. Qg3+ Kc6 39. Qh3 Qe4 40. Qc8+ {
perpetual- Komodo12}) 37... Kxe6 38. g4 h5 39. Kf1 Kf6 40. Ke2 Kg5 41. Kxe3
Kxg4 42. Kd3 g5 43. c4 dxc4+ 44. Kxc4 Kf5 45. d5 g4 46. Kb5 (46. Kc5 {allows a
ch on g1} h4 47. d6 g3 48. hxg3 hxg3 49. d7 g2 50. d8=Q g1=Q+ 51. Qd4 Qh2 {
drawn- Nalimov tablebases}) 46... h4 47. d6 g3) 1/2-1/2